[Event "candidates sf (w)"]
[Site "Dubna URS"]
[Date "1983.11.??"]
[Round "1.1"]
[White "Alexandria, Nana"]
[Black "Levitina, Irina"]
[Result "0-1"]
[WhiteElo "2355"]
[BlackElo "2245"]
[EventDate "1983.11.??"]
[PlyCount "82"]

1.d4 Nf6 2.c4 e6 3.Nf3 Bb4+ 4.Bd2 Qe7 5.g3 Nc6 6.Nc3 d5 7.cxd5 exd5 8.Bg2 
O-O 9.O-O a5 10.Qc2 Bg4 11.e3 Qd7 12.Rfc1 Rfe8 13.a3 Bxc3 14.Bxc3 a4 15.
Be1 Bf5 16.Qc5 Ne4 17.Qb5 Ra6 18.Bb4 Bg4 19.Rc2 Rd8 20.Ne1 Nxb4 21.Qxb4 
Rb6 22.Qa5 Nd6 23.Qxd5 Rb5 24.Qa2 Be6 25.d5 Bf5 26.Rd2 Rb3 27.Bf1 Ne4 28.
Rd4 Qe8 29.Bd3 c5 30.dxc6 Rxd4 31.exd4 Qxc6 32.Qb1 Nd2 33.Qd1 Rxd3 34.Nxd3
Nf3+ 35.Kf1 Bh3+ 36.Ke2 Nxd4+ 37.Kd2 Nb3+ 38.Ke1 Qe4+ 39.Qe2 Qxe2+ 40.Kxe2
Nxa1 41.Nc5 b5 0-1

[Event "candidates sf (w)"]
[Site "Dubna URS"]
[Date "1983.11.??"]
[Round "1.2"]
[White "Levitina, Irina"]
[Black "Alexandria, Nana"]
[Result "1/2-1/2"]
[WhiteElo "2245"]
[BlackElo "2355"]
[EventDate "1983.11.??"]
[PlyCount "42"]

1.Nf3 Nf6 2.c4 b6 3.g3 c5 4.Bg2 Bb7 5.Nc3 g6 6.O-O Bg7 7.d3 O-O 8.e4 d6 9.
Rb1 Nc6 10.a3 Ne8 11.Bd2 Nd4 12.Nxd4 cxd4 13.Nd5 e6 14.Nf4 Qd7 15.b4 b5 
16.cxb5 Qxb5 17.a4 Qd7 18.Qb3 Nc7 19.Rfc1 Rfc8 20.b5 Kh8 21.Rc2 e5 1/2-1/2

[Event "candidates sf (w)"]
[Site "Dubna URS"]
[Date "1983.11.??"]
[Round "1.3"]
[White "Alexandria, Nana"]
[Black "Levitina, Irina"]
[Result "1/2-1/2"]
[WhiteElo "2355"]
[BlackElo "2245"]
[EventDate "1983.11.??"]
[PlyCount "34"]

1.d4 Nf6 2.c4 e5 3.dxe5 Ng4 4.Nf3 Bc5 5.e3 Nc6 6.Be2 Ngxe5 7.Nxe5 Nxe5 8.
O-O O-O 9.Nc3 d6 10.Na4 Bb6 11.b3 Re8 12.Bb2 Qh4 13.Nxb6 axb6 14.Qd2 Ng4 
15.Bxg4 Qxg4 16.Bc3 Bd7 17.a4 Bc6 1/2-1/2

[Event "candidates sf (w)"]
[Site "Dubna URS"]
[Date "1983.11.??"]
[Round "1.4"]
[White "Levitina, Irina"]
[Black "Alexandria, Nana"]
[Result "1/2-1/2"]
[WhiteElo "2245"]
[BlackElo "2355"]
[EventDate "1983.11.??"]
[PlyCount "168"]

1.Nf3 Nf6 2.c4 b6 3.g3 c5 4.Bg2 Bb7 5.Nc3 g6 6.d3 Bg7 7.e4 Nc6 8.O-O O-O 
9.Nh4 Nd4 10.e5 Bxg2 11.exf6 Bxf1 12.fxg7 Kxg7 13.Kxf1 f6 14.Be3 a6 15.Qd2
Kh8 16.Bxd4 cxd4 17.Ne2 e5 18.Qh6 Kg8 19.Re1 Rf7 20.Nf3 b5 21.b3 bxc4 22.
bxc4 Rb8 23.Qc1 Qa5 24.Qc2 d6 25.Rb1 Rfb7 26.Rb3 Kg7 27.Nd2 Rb4 28.Qb2 Qa4
29.Nc1 a5 30.Ke2 R8b7 31.Ne4 Qd7 32.Qa3 f5 33.Nd2 Rxb3 34.axb3 Qc7 35.Qa4 
Kf7 36.Na2 Qc5 37.Nc1 g5 38.f3 h5 39.h3 Ke7 40.Kd1 Rb8 41.g4 hxg4 42.fxg4 
fxg4 43.Ne4 Qb4 44.Qc6 Qb6 45.Qd5 gxh3 46.Nxg5 h2 47.Qf7+ Kd8 48.Qg8+ Kd7 
49.Qh7+ Kc6 50.Qxh2 a4 51.Qh1+ Kd7 52.Qh3+ Kc6 53.Qf3+ Kd7 54.Qf7+ Kc6 55.
Qd5+ Kc7 56.c5 Qc6 57.cxd6+ Kb6 58.Qxc6+ Kxc6 59.bxa4 Kxd6 60.Ne4+ Kc6 61.
Kc2 Rb4 62.a5 Ra4 63.Nb3 Ra2+ 64.Kb1 Rg2 65.Nbd2 Kb5 66.Nc4 Kb4 67.a6 Rg1+
68.Kb2 Rg2+ 69.Ned2 Rg6 70.a7 Ra6 71.Nxe5 Kb5 72.Nb3 Rxa7 73.Nxd4+ Kc5 74.
Kc3 Re7 75.Ndf3 Kd5 76.Nc4 Rh7 77.Ne3+ Kc5 78.d4+ Kb5 79.Ne5 Rh4 80.N5g4 
Rh8 81.Nf6 Rh4 82.d5 Kc5 83.Nd7+ Kd6 84.Nb6 Kc5 1/2-1/2

[Event "candidates sf (w)"]
[Site "Dubna URS"]
[Date "1983.11.??"]
[Round "1.5"]
[White "Alexandria, Nana"]
[Black "Levitina, Irina"]
[Result "1/2-1/2"]
[WhiteElo "2355"]
[BlackElo "2245"]
[EventDate "1983.11.??"]
[PlyCount "35"]

1.d4 Nf6 2.c4 c5 3.d5 b5 4.cxb5 a6 5.bxa6 g6 6.g3 Bg7 7.Bg2 d6 8.Nh3 Nxa6 
9.Nf4 Qb6 10.O-O O-O 11.Nc3 Ng4 12.h3 Ne5 13.b3 Bd7 14.Rb1 Qa5 15.Bd2 Qa3 
16.Bc1 Qa5 17.Bd2 Qa3 18.Bc1 1/2-1/2

[Event "candidates sf (w)"]
[Site "Dubna URS"]
[Date "1983.11.??"]
[Round "1.6"]
[White "Levitina, Irina"]
[Black "Alexandria, Nana"]
[Result "0-1"]
[WhiteElo "2245"]
[BlackElo "2355"]
[EventDate "1983.11.??"]
[PlyCount "54"]

1.Nf3 Nf6 2.c4 e6 3.Nc3 d5 4.d4 Bb4 5.cxd5 exd5 6.Bg5 Nbd7 7.e3 c5 8.Bxf6 
Nxf6 9.Bb5+ Ke7 10.O-O c4 11.Ne5 Qa5 12.Nxd5+ Nxd5 13.Bxc4 f6 14.Qf3 Nb6 
15.a3 Bd6 16.Qh5 fxe5 17.Qg5+ Ke8 18.Qxg7 Rf8 19.b4 Qa4 20.dxe5 Nxc4 21.
exd6 Qd7 22.Qg3 Qxd6 23.Qh4 Ne5 24.Rad1 Qe7 25.Qh5+ Rf7 26.f4 Ng4 27.e4 
Ne3 0-1

[Event "candidates sf (w)"]
[Site "Dubna URS"]
[Date "1983.11.??"]
[Round "1.7"]
[White "Alexandria, Nana"]
[Black "Levitina, Irina"]
[Result "1-0"]
[WhiteElo "2355"]
[BlackElo "2245"]
[EventDate "1983.11.??"]
[PlyCount "61"]

1.d4 Nf6 2.Nf3 g6 3.c4 Bg7 4.Nc3 O-O 5.e4 d6 6.Be2 e5 7.O-O exd4 8.Nxd4 
Nbd7 9.Bg5 Nc5 10.f3 h6 11.Be3 a5 12.Qd2 Kh7 13.Ndb5 Na6 14.Rad1 Qe7 15.
Rfe1 Bd7 16.Bf1 Rfe8 17.b3 Qf8 18.Kh1 Red8 19.Na4 b6 20.Qf2 Bxb5 21.cxb5 
Nc5 22.Nb2 d5 23.e5 Nfd7 24.Rxd5 Re8 25.Nc4 Qe7 26.Qd2 Qe6 27.Bf2 Qf5 28.
e6 Bc3 29.Rxf5 Bxd2 30.Rxf7+ Kg8 31.Nxd2 1-0

[Event "candidates sf (w)"]
[Site "Dubna URS"]
[Date "1983.12.??"]
[Round "1.8"]
[White "Levitina, Irina"]
[Black "Alexandria, Nana"]
[Result "1-0"]
[WhiteElo "2245"]
[BlackElo "2355"]
[EventDate "1983.11.??"]
[PlyCount "107"]

1.Nf3 Nf6 2.c4 c5 3.Nc3 Nc6 4.d4 cxd4 5.Nxd4 e6 6.Ndb5 d5 7.Bf4 e5 8.cxd5 
exf4 9.dxc6 bxc6 10.Qxd8+ Kxd8 11.Nd4 Bd7 12.g3 fxg3 13.hxg3 Rb8 14.Nb3 
Bb4 15.Bg2 Ke7 16.Rc1 Rb6 17.O-O Rhb8 18.Rfd1 Ra6 19.Rc2 Be6 20.Nd4 Bd7 
21.a3 Bd6 22.e4 Be5 23.f4 Bc7 24.e5 Ng4 25.Bxc6 Ne3 26.Nd5+ Nxd5 27.Bxd5 
Bb6 28.Kg2 Rd8 29.Rcd2 Ba4 30.Nf5+ Kf8 31.Bb7 Bxd1 32.Rxd8+ Bxd8 33.Bxa6 
Bb6 34.Bc4 Bc2 35.Nd6 Bd4 36.b4 Bb2 37.Nxf7 Bxa3 38.b5 Be4+ 39.Kh3 Ke7 40.
Ng5 Bc2 41.g4 Bb2 42.Nf7 Bd4 43.Kg3 Be4 44.Nd6 Bc2 45.Kf3 h6 46.Be2 Kd7 
47.Nc4 Bb1 48.Ne3 Bc3 49.Bc4 g6 50.Bf7 Bd4 51.Nd5 Bc5 52.Nf6+ Ke7 53.Bc4 
Kf8 54.Nd7+ 1-0

[Event "candidates sf (w)"]
[Site "Dubna URS"]
[Date "1983.12.??"]
[Round "1.9"]
[White "Alexandria, Nana"]
[Black "Levitina, Irina"]
[Result "1-0"]
[WhiteElo "2355"]
[BlackElo "2245"]
[EventDate "1983.11.??"]
[PlyCount "77"]

1.d4 Nf6 2.Nf3 g6 3.c4 Bg7 4.Nc3 O-O 5.e4 d6 6.Be2 e5 7.O-O exd4 8.Nxd4 
Re8 9.f3 c6 10.Kh1 a6 11.Bg5 h6 12.Bh4 b5 13.a3 Qb6 14.Bf2 Qb7 15.Nb3 bxc4
16.Na5 Qc7 17.Nxc4 d5 18.Nb6 Bb7 19.Nxa8 Bxa8 20.Bd3 Qb7 21.Qc2 Nbd7 22.
Rfe1 Ne5 23.Rab1 Nh5 24.Bf1 d4 25.Na4 Qe7 26.Rbd1 g5 27.Be2 d3 28.Bxd3 g4 
29.Be2 Nf4 30.fxg4 Qg5 31.Bg3 Nxg4 32.Bxg4 Qxg4 33.Qf2 Nh5 34.Bd6 Rxe4 35.
Nc5 Bd4 36.Rxe4 Qxd1+ 37.Qe1 Qxe1+ 38.Rxe1 Nf6 39.Re7 1-0

[Event "candidates sf (w)"]
[Site "Dubna URS"]
[Date "1983.12.??"]
[Round "1.10"]
[White "Levitina, Irina"]
[Black "Alexandria, Nana"]
[Result "1-0"]
[WhiteElo "2245"]
[BlackElo "2355"]
[EventDate "1983.11.??"]
[PlyCount "83"]

1.Nf3 Nf6 2.c4 b6 3.g3 Bb7 4.Bg2 e6 5.Nc3 Be7 6.d4 Ne4 7.Bd2 Bf6 8.O-O O-O
9.Rc1 Nxd2 10.Qxd2 d6 11.Qc2 g6 12.Rcd1 Nd7 13.e4 Qe7 14.Rfe1 Rfd8 15.h4 
Bg7 16.h5 Qf8 17.hxg6 hxg6 18.Ng5 c5 19.d5 exd5 20.exd5 Nf6 21.Ne6 fxe6 
22.dxe6 Qe7 23.Bxb7 Qxb7 24.Qxg6 Qe7 25.g4 Rf8 26.f4 Qe8 27.Qxe8 Nxe8 28.
Nd5 Bxb2 29.g5 Kg7 30.Rf1 Rb8 31.f5 Rb7 32.Rd3 Be5 33.Kg2 b5 34.f6+ Kg6 
35.cxb5 Kxg5 36.f7 c4 37.Rdf3 Ng7 38.e7 Rxe7 39.Nxe7 c3 40.Nc6 c2 41.Nxe5 
dxe5 42.Rg3+ 1-0

[Event "candidates sf (w)"]
[Site "Dubna URS"]
[Date "1983.12.??"]
[Round "1.11"]
[White "Levitina, Irina"]
[Black "Alexandria, Nana"]
[Result "1-0"]
[WhiteElo "2245"]
[BlackElo "2355"]
[EventDate "1983.11.??"]
[PlyCount "135"]

1.Nf3 Nf6 2.c4 b6 3.g3 Bb7 4.Bg2 g6 5.Nc3 Bg7 6.d4 Ne4 7.Nxe4 Bxe4 8.O-O 
O-O 9.d5 c5 10.Bh3 Bxf3 11.exf3 e6 12.Rb1 a5 13.Be3 Ra7 14.Qd2 Re8 15.Rfe1
Qc8 16.b3 Na6 17.Rbd1 a4 18.bxa4 Nc7 19.Bh6 Bh8 20.Re2 Rxa4 21.dxe6 dxe6 
22.Re4 f5 23.Rh4 Bf6 24.Bg5 Bxg5 25.Qxg5 Ra7 26.Rd6 Na8 27.Qd2 Qc7 28.a4 
Qg7 29.Kg2 Rxa4 30.Rd7 Re7 31.Rd8+ Kf7 32.Re4 Nc7 33.Re1 Rxc4 34.Qa2 Rd4 
35.Rc8 Nd5 36.Qa8 Nc7 37.Qb8 b5 38.Rxc7 Kf6 39.Rxe7 Qxe7 40.Qh8+ Kg5 41.
Re5 b4 42.f4+ Kh6 43.Qc8 Rd8 44.Qxc5 Qb7+ 45.Kg1 b3 46.Qb5 Rb8 47.Qxb7 
Rxb7 48.Rxe6 b2 49.Bxf5 b1=Q+ 50.Bxb1 Rxb1+ 51.Kg2 Kg7 52.Re7+ Kg8 53.h4 
h5 54.f5 gxf5 55.Re5 Kg7 56.Rxf5 Kg6 57.Rg5+ Kh6 58.Re5 Rb3 59.Re6+ Kg7 
60.Re3 Rb2 61.Kf3 Kf6 62.Re2 Rb3+ 63.Kf4 Rb4+ 64.Re4 Rb2 65.f3 Rh2 66.Re5 
Kg6 67.Re6+ Kg7 68.Kg5 1-0

[Event "candidates sf (w)"]
[Site "Dubna URS"]
[Date "1983.12.??"]
[Round "1.12"]
[White "Alexandria, Nana"]
[Black "Levitina, Irina"]
[Result "1-0"]
[WhiteElo "2355"]
[BlackElo "2245"]
[EventDate "1983.11.??"]
[PlyCount "71"]

1.d4 Nf6 2.c4 g6 3.Nc3 Bg7 4.Nf3 O-O 5.e4 d6 6.Be2 e5 7.O-O exd4 8.Nxd4 
Re8 9.f3 c6 10.Kh1 a6 11.Bg5 h6 12.Bh4 Nbd7 13.Rc1 Ne5 14.Rc2 Qc7 15.Bf2 
c5 16.Nb3 Be6 17.Nd5 Bxd5 18.cxd5 Qe7 19.f4 Ned7 20.e5 Ne4 21.Bf3 Nxf2+ 
22.Rcxf2 Rad8 23.Na5 Nb6 24.b4 dxe5 25.bxc5 e4 26.d6 Qd7 27.Bg4 f5 28.Be2 
e3 29.Rf3 Na4 30.c6 Qxd6 31.Qxa4 Qd2 32.Qc4+ Kh8 33.Nxb7 Rc8 34.Rd1 Qb2 
35.Nd6 Red8 36.Nf7+ 1-0

[Event "candidates sf (w)"]
[Site "Dubna URS"]
[Date "1983.12.??"]
[Round "1.13"]
[White "Levitina, Irina"]
[Black "Alexandria, Nana"]
[Result "1/2-1/2"]
[WhiteElo "2245"]
[BlackElo "2355"]
[EventDate "1983.11.??"]
[PlyCount "115"]

1.Nf3 Nf6 2.c4 b6 3.g3 c5 4.Bg2 Bb7 5.Nc3 g6 6.d3 Bg7 7.e4 O-O 8.h3 Ne8 9.
Be3 e5 10.O-O d6 11.Qd2 Nc6 12.Nh2 Nd4 13.f4 exf4 14.gxf4 f5 15.Rae1 Nc7 
16.Nf3 Nxf3+ 17.Bxf3 Qd7 18.Bg2 Rae8 19.Kh2 Re7 20.Nd5 Nxd5 21.exd5 Rfe8 
22.Bf2 Rxe1 23.Rxe1 Rxe1 24.Bxe1 Bd4 25.Qe2 Kf8 26.b3 Bc8 27.Bf2 Qg7 28.
Bf3 Bd7 29.Bh4 Bf6 30.Bg3 Be7 31.h4 h6 32.Bg2 a6 33.Qd2 Bf6 34.Qe1 Bc3 35.
Qe3 b5 36.Qe2 Qf6 37.Qe3 b4 38.Bf3 a5 39.Bd1 Bd4 40.Qe2 Ba1 41.Qd2 Bc3 42.
Qe3 Bd4 43.Qe1 Bb2 44.Qd2 Ke7 45.Kg2 Bc3 46.Qe3+ Kd8 47.Kh2 Kc7 48.Kg2 Qd8
49.Kh2 Bg7 50.Qd2 Bf6 51.Qf2 Qe7 52.Qe1 Qg7 53.Qe3 Bd4 54.Qd2 Bc3 55.Qe3 
Qf6 56.Kg2 Kd8 57.Kh2 Kc7 58.Kg2 1/2-1/2

[Event "candidates sf (w)"]
[Site "Dubna URS"]
[Date "1983.12.??"]
[Round "1.14"]
[White "Alexandria, Nana"]
[Black "Levitina, Irina"]
[Result "0-1"]
[WhiteElo "2355"]
[BlackElo "2245"]
[EventDate "1983.11.??"]
[PlyCount "72"]

1.d4 Nf6 2.Nf3 c5 3.d5 d6 4.Nc3 e6 5.dxe6 Bxe6 6.e4 Be7 7.Bb5+ Bd7 8.a4 
O-O 9.O-O Nc6 10.h3 Nb4 11.Re1 Bxb5 12.Nxb5 a6 13.Nc3 d5 14.e5 Ne8 15.Ne2 
d4 16.Nf4 Nc7 17.c3 Nc6 18.cxd4 cxd4 19.Qb3 Qd7 20.Bd2 Ne6 21.Nxe6 Qxe6 
22.Qd3 Rad8 23.Rad1 Rd5 24.Bf4 Rfd8 25.Re4 Qg6 26.Rde1 a5 27.Qb3 Bb4 28.
Bd2 Bxd2 29.Nxd2 Nb4 30.f4 Qc6 31.Nc4 d3 32.Nd6 d2 33.Rd1 R5xd6 34.Rxb4 
Rd3 35.Rxd2 Rxd2 36.Rxb7 Qxg2# 0-1

[Event "candidates sf (w)"]
[Site "Sochi URS"]
[Date "1983.11.??"]
[Round "1.1"]
[White "Ioseliani, Nana"]
[Black "Semenova, Lidia"]
[Result "1-0"]
[WhiteElo "2290"]
[BlackElo "2230"]
[EventDate "1983.11.??"]
[PlyCount "109"]

1.e4 e5 2.Nf3 Nc6 3.Bb5 a6 4.Ba4 Nf6 5.d3 d6 6.c3 Be7 7.Nbd2 O-O 8.O-O b5 
9.Bc2 Nh5 10.a4 b4 11.d4 bxc3 12.bxc3 Nf4 13.Nc4 Ng6 14.Ne3 Nh4 15.Nxh4 
Bxh4 16.Nd5 a5 17.dxe5 Nxe5 18.f4 Ng4 19.h3 Nf6 20.Ne3 Re8 21.Qf3 Bb7 22.
g3 Nxe4 23.gxh4 Qxh4 24.Qg4 Qxg4+ 25.hxg4 Nxc3 26.Kf2 Ne4+ 27.Bxe4 Rxe4 
28.Kg3 Bc6 29.Bd2 Bxa4 30.Rfc1 c5 31.Rc4 Bc6 32.Rxe4 Bxe4 33.Nc4 a4 34.
Nxd6 Bc6 35.Nc4 Rd8 36.Be3 f6 37.Kf2 Be8 38.Bxc5 Rc8 39.Nd6 Rxc5 40.Nxe8 
Rc4 41.Kf3 Rc3+ 42.Ke4 Rc4+ 43.Ke3 Rc3+ 44.Kd4 Rg3 45.Rxa4 Rxg4 46.Ke4 Kf7
47.Nd6+ Ke6 48.Nf5 g5 49.Ra6+ Kd7 50.Kd5 Rg1 51.Ra7+ Kd8 52.Nd4 gxf4 53.
Kd6 Ke8 54.Re7+ Kf8 55.Ne6+ 1-0

[Event "candidates sf (w)"]
[Site "Sochi URS"]
[Date "1983.11.??"]
[Round "1.2"]
[White "Semenova, Lidia"]
[Black "Ioseliani, Nana"]
[Result "1-0"]
[WhiteElo "2230"]
[BlackElo "2290"]
[EventDate "1983.11.??"]
[PlyCount "73"]

1.e4 c5 2.Nf3 d6 3.d4 cxd4 4.Nxd4 Nf6 5.Nc3 a6 6.Bg5 e6 7.f4 Be7 8.Qf3 Qc7
9.O-O-O Nbd7 10.g4 b5 11.a3 Rb8 12.Bh4 Nc5 13.Rg1 b4 14.axb4 Rxb4 15.g5 
Nfd7 16.Be1 Qb6 17.Nd5 exd5 18.Bxb4 Qxb4 19.exd5 Bb7 20.Qe2 Nb6 21.c4 Kd8 
22.Rg3 Re8 23.Re3 Qa4 24.Re1 Bxd5 25.Rxe7 Qa1+ 26.Kc2 Qa4+ 27.b3 Qa2+ 28.
Kc3 Ne4+ 29.Kb4 a5+ 30.Kb5 Qa3 31.Rxe8+ Kc7 32.Re7+ Nd7 33.Rxd7+ Kxd7 34.
Ka6 Qb4 35.Nb5 Bc6 36.Qe3 Kc8 37.Bh3+ 1-0

[Event "candidates sf (w)"]
[Site "Sochi URS"]
[Date "1983.11.??"]
[Round "1.3"]
[White "Ioseliani, Nana"]
[Black "Semenova, Lidia"]
[Result "1-0"]
[WhiteElo "2290"]
[BlackElo "2230"]
[EventDate "1983.11.??"]
[PlyCount "83"]

1.e4 e5 2.Nf3 Nc6 3.Bb5 a6 4.Ba4 Nf6 5.d3 d6 6.c3 Be7 7.Nbd2 Bd7 8.O-O O-O
9.Re1 Re8 10.Nf1 h6 11.Ng3 Bf8 12.h3 g6 13.d4 Bg7 14.d5 Ne7 15.Bc2 Kh8 16.
Nh2 Bc8 17.Be3 Rf8 18.Qd2 Nfg8 19.f4 exf4 20.Bxf4 g5 21.Be3 Be5 22.Nf5 
Nxf5 23.exf5 f6 24.Nf3 Bg3 25.Bf2 Bxf2+ 26.Qxf2 Ne7 27.Nd4 Nxd5 28.Qf3 Ne7
29.Qh5 Ng8 30.Bb3 d5 31.Rad1 c6 32.c4 c5 33.Ne6 Bxe6 34.fxe6 d4 35.e7 Nxe7
36.Qxh6+ Kg8 37.Re6 Rf7 38.Rxf6 Rg7 39.Bc2 Qd7 40.Rdf1 Rd8 41.Rf8+ Rxf8 
42.Bh7+ 1-0

[Event "candidates sf (w)"]
[Site "Sochi URS"]
[Date "1983.11.??"]
[Round "1.4"]
[White "Semenova, Lidia"]
[Black "Ioseliani, Nana"]
[Result "1-0"]
[WhiteElo "2230"]
[BlackElo "2290"]
[EventDate "1983.11.??"]
[PlyCount "80"]

1.e4 c5 2.Nf3 d6 3.d4 cxd4 4.Nxd4 Nf6 5.Nc3 a6 6.Bg5 e6 7.f4 Be7 8.Qf3 Qc7
9.O-O-O Nbd7 10.Re1 h6 11.Bh4 g5 12.fxg5 Ne5 13.Qd1 Nfg4 14.h3 hxg5 15.Bg3
Nf6 16.Be2 Bd7 17.Nf3 O-O-O 18.Nxg5 Nh5 19.Bh4 Nf4 20.g3 Ng2 21.Nxf7 Bxh4 
22.Nxe5 Bg5+ 23.Kb1 dxe5 24.Reg1 Ne3 25.Qe1 Nc4 26.Bxc4 Qxc4 27.h4 Be7 28.
g4 Bc6 29.g5 Rd4 30.b3 Qb4 31.g6 Bf6 32.Rf1 Qe7 33.h5 Qg7 34.Qg3 Bxe4 35.
Nxe4 Rxe4 36.h6 Rxh6 37.Rxh6 Qxh6 38.Rxf6 Re3 39.Qf2 Qh1+ 40.Kb2 Qe4 1-0

[Event "candidates sf (w)"]
[Site "Sochi URS"]
[Date "1983.11.??"]
[Round "1.5"]
[White "Ioseliani, Nana"]
[Black "Semenova, Lidia"]
[Result "0-1"]
[WhiteElo "2290"]
[BlackElo "2230"]
[EventDate "1983.11.??"]
[PlyCount "182"]

1.e4 c5 2.Nf3 e6 3.d4 cxd4 4.Nxd4 Nc6 5.Nb5 Nf6 6.N1c3 Bb4 7.a3 Bxc3+ 8.
Nxc3 d5 9.exd5 exd5 10.Bd3 O-O 11.O-O h6 12.Bf4 d4 13.Nb5 Nd5 14.Qf3 Be6 
15.Bg3 Qd7 16.Nd6 Nde7 17.Bc4 Bxc4 18.Nxc4 Qd5 19.Qxd5 Nxd5 20.Rfd1 f5 21.
Bd6 Rfd8 22.Bc5 Nf6 23.a4 Rd5 24.Ba3 Rad8 25.Rd3 Ng4 26.Re1 Nge5 27.Nxe5 
Nxe5 28.Rb3 Rc8 29.f4 Ng4 30.h3 Ne3 31.Rd3 Nxc2 32.Rc1 Rc6 33.Be7 Rd7 34.
Rd2 d3 35.Bh4 Rc4 36.Rcd1 Rxf4 37.Bf2 Rxa4 38.Rxd3 Rxd3 39.Rxd3 b6 40.Rd2 
Nb4 41.Rd6 Na6 42.Rd5 Ra1+ 43.Kh2 f4 44.Rd8+ Kh7 45.Rf8 Ra4 46.Be1 Nc5 47.
b4 Ne6 48.Re8 Nc7 49.Re4 Nd5 50.Bd2 g5 51.Rd4 Ne3 52.Bxe3 fxe3 53.Kg3 h5 
54.Kf3 Ra3 55.Rd7+ Kg6 56.Rd6+ Kf5 57.Rd5+ Kf6 58.h4 g4+ 59.Ke2 Ra2+ 60.
Kxe3 Rxg2 61.Rxh5 Rb2 62.b5 g3 63.Rg5 g2 64.Kd3 Rxb5 65.Rxg2 Rc5 66.Kd4 
Rh5 67.Rh2 Ke6 68.Kc4 Kd6 69.Kb4 Kc6 70.Rc2+ Kb7 71.Rh2 a5+ 72.Ka4 Ka6 73.
Rh3 b5+ 74.Kb3 Kb6 75.Rh1 Kc5 76.Rc1+ Kb6 77.Rh1 a4+ 78.Kb4 Rf5 79.Ka3 Rf2
80.Rg1 Rh2 81.Rg8 Rh3+ 82.Ka2 Rxh4 83.Ka3 Rh3+ 84.Ka2 Ka5 85.Rg4 Rh2+ 86.
Kb1 a3 87.Ka1 b4 88.Rg3 Ka4 89.Rg4 Rd2 90.Rh4 Kb3 91.Rh3+ Kc4 0-1

[Event "candidates sf (w)"]
[Site "Sochi URS"]
[Date "1983.11.??"]
[Round "1.6"]
[White "Semenova, Lidia"]
[Black "Ioseliani, Nana"]
[Result "0-1"]
[WhiteElo "2230"]
[BlackElo "2290"]
[EventDate "1983.11.??"]
[PlyCount "140"]

1.e4 e5 2.Nf3 Nc6 3.Bc4 d6 4.d4 exd4 5.Nxd4 Nf6 6.Nxc6 bxc6 7.Nc3 Be7 8.
O-O O-O 9.Bf4 Nd7 10.Bg3 Rb8 11.Rb1 Bf6 12.Qd2 Re8 13.Rfe1 Qe7 14.f4 Nc5 
15.e5 dxe5 16.fxe5 Bg5 17.Qf2 Be6 18.Bxe6 Nxe6 19.Ne4 c5 20.c3 Rbd8 21.
Rbd1 Rxd1 22.Rxd1 Rd8 23.Rxd8+ Qxd8 24.h4 Be7 25.b3 Qd3 26.Qe1 Qc2 27.Kh2 
h6 28.Nf2 Qxa2 29.Qd1 c4 30.b4 Qb3 31.Qd7 Bf8 32.Ne4 Qc2 33.Qd5 Qd3 34.
Qxd3 cxd3 35.Kg1 c5 36.b5 c4 37.Kf2 Nc5 38.Nd2 Na4 39.Nb1 Bc5+ 40.Kf3 Kf8 
41.Ke4 d2 42.Nxd2 Nxc3+ 43.Kf3 Nxb5 44.Nxc4 Bb4 45.Ke4 a5 46.Nb6 Nc3+ 47.
Kd3 a4 48.Nc4 Nb5 49.Kc2 a3 50.Kb3 Ke7 51.Ne3 Nd4+ 52.Ka2 Ke6 53.Bf2 Kxe5 
54.Nc4+ Ke4 55.Nxa3 Bxa3 56.Kxa3 h5 57.Kb4 Nf5 58.Kc3 Ne3 59.Kd2 Nxg2 60.
Ke2 Kf4 61.Kf1 Kf3 62.Kg1 Nf4 63.Be1 Ng6 64.Bc3 f6 65.Kf1 Kg4 66.Bb4 Nxh4 
67.Bc5 f5 68.Bb6 f4 69.Ba7 g5 70.Bb6 Kf5 0-1

[Event "candidates sf (w)"]
[Site "Sochi URS"]
[Date "1983.11.??"]
[Round "1.7"]
[White "Ioseliani, Nana"]
[Black "Semenova, Lidia"]
[Result "1-0"]
[WhiteElo "2290"]
[BlackElo "2230"]
[EventDate "1983.11.??"]
[PlyCount "83"]

1.d4 Nf6 2.Bg5 Ne4 3.Bf4 c5 4.f3 Nf6 5.d5 e6 6.Nc3 Nh5 7.Be3 d6 8.Qd2 e5 
9.g4 Nf6 10.Bf2 a6 11.a4 Qa5 12.e4 Be7 13.Nge2 Nbd7 14.Ng3 g6 15.Be2 h5 
16.h3 hxg4 17.hxg4 Rxh1+ 18.Nxh1 Nh7 19.Nd1 Qxd2+ 20.Kxd2 Bg5+ 21.Be3 Bf4 
22.Nhf2 Ke7 23.b3 b6 24.Bxf4 exf4 25.Nd3 g5 26.N1b2 Bb7 27.Nc4 Rg8 28.b4 
cxb4 29.Nxb4 Rc8 30.Rb1 Nhf6 31.Na2 Nxd5 32.exd5 Bxd5 33.Re1 Kf8 34.Nxd6 
Rc6 35.c4 Rxd6 36.cxd5 Rxd5+ 37.Kc2 Ra5 38.Nc3 Re5 39.Rb1 Re3 40.Kd2 a5 
41.Nd5 Re6 42.Rb5 1-0

[Event "candidates sf (w)"]
[Site "Sochi URS"]
[Date "1983.12.??"]
[Round "1.8"]
[White "Semenova, Lidia"]
[Black "Ioseliani, Nana"]
[Result "1-0"]
[WhiteElo "2230"]
[BlackElo "2290"]
[EventDate "1983.11.??"]
[PlyCount "95"]

1.e4 e5 2.Nf3 Nf6 3.Nxe5 d6 4.Nf3 Nxe4 5.c4 Be7 6.d4 d5 7.Bd3 Nc6 8.cxd5 
Qxd5 9.O-O Bg4 10.Nc3 Nxc3 11.bxc3 Bxf3 12.Qxf3 Qxf3 13.gxf3 O-O 14.Bf4 
Bd6 15.Be3 Ne7 16.c4 Ng6 17.Rfb1 b6 18.a4 f5 19.a5 Nh4 20.f4 g5 21.axb6 
axb6 22.Rxa8 Rxa8 23.fxg5 f4 24.Be4 Ra5 25.Bd5+ Rxd5 26.cxd5 fxe3 27.fxe3 
Nf3+ 28.Kf2 Nd2 29.Rb2 Nc4 30.Rc2 Na3 31.Ra2 b5 32.Ke2 b4 33.Kd3 Kf7 34.e4
Kg6 35.e5 Be7 36.h4 Kg7 37.Rf2 Nb5 38.Kc4 Na3+ 39.Kb3 Nb5 40.Rf4 Kg6 41.
Kc4 Na3+ 42.Kb3 Nb5 43.e6 Bd6 44.Rf6+ Kg7 45.h5 Na7 46.Rf7+ Kg8 47.h6 Nb5 
48.Rg7+ 1-0

[Event "candidates sf (w)"]
[Site "Sochi URS"]
[Date "1983.12.??"]
[Round "1.9"]
[White "Ioseliani, Nana"]
[Black "Semenova, Lidia"]
[Result "1/2-1/2"]
[WhiteElo "2290"]
[BlackElo "2230"]
[EventDate "1983.11.??"]
[PlyCount "31"]

1.d4 d5 2.Nf3 Nf6 3.Bf4 e6 4.e3 Be7 5.Bd3 c5 6.c3 Nc6 7.Nbd2 a6 8.h3 b6 9.
Ne5 Bb7 10.Qe2 Nd7 11.O-O O-O 12.Bh2 f5 13.Ndf3 Ndxe5 14.Nxe5 Nxe5 15.Bxe5
Bf6 16.Bxf6 1/2-1/2

[Event "candidates sf (w)"]
[Site "Sochi URS"]
[Date "1983.12.??"]
[Round "1.10"]
[White "Semenova, Lidia"]
[Black "Ioseliani, Nana"]
[Result "1-0"]
[WhiteElo "2230"]
[BlackElo "2290"]
[EventDate "1983.11.??"]
[PlyCount "175"]

1.e4 c5 2.Nf3 Nc6 3.d4 cxd4 4.Nxd4 Nf6 5.Nc3 e5 6.Ndb5 h6 7.Nd6+ Bxd6 8.
Qxd6 Qe7 9.Qxe7+ Kxe7 10.Be3 d6 11.O-O-O Be6 12.h3 Rhc8 13.Kb1 Na5 14.Bd3 
a6 15.f4 Nc4 16.Bc1 exf4 17.Bxf4 Ne5 18.Rd2 b5 19.Rhd1 Ra7 20.a3 Rb7 21.
Ne2 Nxd3 22.cxd3 b4 23.axb4 Rxb4 24.Be3 d5 25.Rc1 Rxc1+ 26.Kxc1 Ra4 27.
Bc5+ Ke8 28.e5 Nd7 29.Bd4 Ra1+ 30.Kc2 Re1 31.b4 Nb8 32.Bf2 Rf1 33.Ng3 Ra1 
34.Kb2 Ra4 35.Kb3 Ra1 36.Kb2 Ra4 37.Bc5 d4 38.Nh5 Ra2+ 39.Kc1 Ra1+ 40.Kc2 
Ra2+ 41.Kd1 Nc6 42.Nxg7+ Kd7 43.Rxa2 Bxa2 44.Kc2 Bd5 45.g3 Bg2 46.h4 Bf3 
47.Nf5 h5 48.Nxd4 Nxd4+ 49.Bxd4 Ke6 50.Kd2 Kd5 51.Bb2 Bg4 52.Ke3 Bd1 53.
Kf4 Bg4 54.Kg5 Ke6 55.d4 Bd1 56.Kh6 Bg4 57.Kg7 Bd1 58.Bc1 Bg4 59.Bg5 Bd1 
60.Kf8 Bg4 61.Ke8 Be2 62.Bf6 Bb5+ 63.Kd8 Be2 64.Bg5 Bg4 65.Kc7 Kd5 66.Be3 
Be2 67.Kd7 Bg4+ 68.Kc7 Bf3 69.Bf2 Bg4 70.Kb7 Be2 71.Kb6 Bd3 72.g4 hxg4 73.
h5 g3 74.Bg1 Ke6 75.h6 Kd5 76.Kb7 Ke6 77.Kc6 Be4+ 78.Kc5 Bf5 79.d5+ Kd7 
80.Kd4 Ke7 81.Ke3 Kf8 82.Kf4 Bc8 83.Kxg3 Bb7 84.Bc5+ Kg8 85.d6 Bc8 86.Kf4 
Kh7 87.Kg5 Be6 88.Be3 1-0